02117nam a22003137a 450000500170000000800410001702000260005802000250008404000240010904100080013304400080014108200160014910000290016524501130019425000200030726000320032730000220035950002400038150400770062150503070069850503650100565000250137065000270139565000200142265000320144270000500147470000220152477602570154620150312020002.0140506s2014 enk 001 0 eng  a9781118291061 (cloth) a9781118291078 (pbk.) aDLCcDLCdCO-BoIAVH aeng axxu00a639.9bF94w1 aFryxell, John M.,d1954-10aWildlife ecology, conservation, and management.cJohn M. Fryxell, Anthony R.E. Sinclair and Graeme Caughley. aThird edition / aReino Unido:bWiley,c2014. a509 pagesc25 cm. aEste libro va acompañado de un sitio web complementario www.wiley.com/go/Fryxell/Wildlife que incluye recursos adicionales, powerpoints de todas las cifras del libro para descargar, PDF´s de todas las tablas del libro para descargar aIncluye referencias bibliográficas (pag. 435-4889, índice y glosario aPart 1. Wildlife ecology Food and nutrition Home range and habitat use Dispersal, dispersion and distribution Population growth and regulation Competition and facilitation beteen species Predation Parasites and pathogens Consumer -resource dynamics The ecology of behavior Climate change and wildlife aPart 2. Wildlife conservation and management Counting animals Age and stage structure Experimental management Model evaluation and adaptative management Population viability analysis Conservation in practice Wildlife harvesting Wildlife control Evolution and conservation genetics Habitat loss and metapopulation dynamics Ecosystem management and conservation 0aWildlife management. 0aWildlife conservation. 0aAnimal ecology. 0aManejo de la vida silvestre1 aSinclair, A. R. E.q(Anthony Ronald Entrican)1 aCaughley, Graeme.08iOnline version:aFryxell, John M., 1954-tWildlife ecology, conservation, and management.bThird edition / John M. Fryxell, Anthony R.E. Sinclair, Graeme Caughley.dChichester, West Sussex : John Wiley & Sons, Inc. 2014z9781118348192w(DLC) 2014018491